Dinge ihrer Farbe und Buchstabenzahl zuordnen - Statistiken

Allgemein
  • Dieses Quiz wurde 1.193 mal gespielt
    153 seit der letzten Aktualisierung
  • Das Durchschnittsergebnis liegt bei 15 aus 20
Antwortstatistiken
Hint Antwort % Korrekt
ZITRONE
83%
GOUDA
82%
JEANS
80%
TOMATE
80%
MAUS
80%
GRAS
80%
ELEFANT
79%
MEER
79%
KAKTUS
79%
BANANE
78%
BLUT
77%
FELSEN
76%
POST
76%
RUBIN
75%
SCHALKE
75%
GURKE
75%
BETON
74%
KIRSCHE
73%
LIMETTE
63%
SAPHIR
61%
Keine übereinstimmenden Quizze gefunden
Verteilung der Resultate
Anzahl Personen mit jedem Resultat
Perzentil nach korrekt beantworteten Fragen
Ihre Resultats-Entwicklung
Sie haben dieses Quiz seit der letzten Aktualisierung nicht gespielt